Distribúcia.

Distribučná politika. Orgány distribúcie. Distribučný kanál. Združený (kooperatívny) vertikálny marketingový systém. Vertikálny marketingový systém tvorený na základe zmluvy. Voľné reťazce podporované veľkoobchodom. Družstvá maloobchodníkov. Vertikálne marketingové systémy organizované franchisovým...

Description complète

Enregistré dans:
Détails bibliographiques
Auteur principal: Viestová, Kristína
Format: Chapitre de livre
Langue:slovaque
Sujets:
Tags: Ajouter un tag
Pas de tags, Soyez le premier à ajouter un tag!

MARC

LEADER 00000naa a2200000 4500
001 r009116
005 20220831082842.7
041 0 |a slo 
044 |a [CS] 
245 1 0 |a Distribúcia.  |c Kristína Viestová 
520 |a Distribučná politika. Orgány distribúcie. Distribučný kanál. Združený (kooperatívny) vertikálny marketingový systém. Vertikálny marketingový systém tvorený na základe zmluvy. Voľné reťazce podporované veľkoobchodom. Družstvá maloobchodníkov. Vertikálne marketingové systémy organizované franchisovým spôsobom. 
610 2 0 |a distribúcia 
610 2 0 |a marketing 
610 2 0 |a veľkoobchod 
610 2 0 |a maloobchod 
610 2 0 |a obeh tovaru 
610 2 0 |a odbyt 
610 2 0 |a trh predávajúceho 
610 2 0 |a franchising 
610 2 0 |a reťazce distribučné 
100 1 |a Viestová, Kristína